|
|
|
|
| LEADER |
00925nam a2200301 4500 |
| 001 |
DLU090079404 |
| 005 |
##20090608 |
| 040 |
# |
# |
|a DLU
|b eng
|
| 041 |
# |
# |
|a eng
|
| 044 |
# |
# |
|a UK
|
| 100 |
# |
# |
|a Ahson, Syed I.
|
| 245 |
# |
# |
|a Pattern segmentation using coupled neural oscillators /
|c Syed I. Ahson, Ahmad M. Mahmoud.
|
| 653 |
# |
# |
|a Biological neural networks
|
| 653 |
# |
# |
|a Chain of oscillators
|
| 653 |
# |
# |
|a Pattern segmentation
|
| 653 |
# |
# |
|a Phase locking
|
| 653 |
# |
# |
|a Synchronization
|
| 700 |
# |
# |
|a Mahmoud, Ahmad M.
|
| 773 |
# |
# |
|t Nonlinear Analysis, Theory, Methods & Applications
|g Vol. 30, part 3 (December 1997), p. 1295-1303
|
| 920 |
# |
# |
|a Phòng Tạp chí -- Trung tâm Thông tin - Thư viện Trường Đại học Đà Lạt
|
| 994 |
# |
# |
|a DLU
|
| 900 |
# |
# |
|a True
|
| 911 |
# |
# |
|a Trương Bảo Trâm Anh
|
| 925 |
# |
# |
|a G
|
| 926 |
# |
# |
|a A
|
| 927 |
# |
# |
|a BB
|
| 980 |
# |
# |
|a Thư viện Trường Đại học Đà Lạt
|